Teorija formal'nych sistem

Uložené v:
Podrobná bibliografia
Hlavný autor: Smullyan, Raymond M.
Médium: Kniha
Jazyk:Russian
Vydavateľské údaje: Moskva Nauka 1981
Edícia:Matematičeskaja logika i osnovanija matematiki
Tagy: Pridať tag
Žiadne tagy, Buďte prvý, kto otaguje tento záznam!

MARC

LEADER 00000nam a2200000 4500
001 c137481
005 20231103121923.5
041 0 |a rus 
044 |a RU 
245 1 0 |a Teorija formal'nych sistem  |c Raymond M. Smullyan 
264 1 |a Moskva  |b Nauka  |c 1981 
300 |a 204 s. 
490 1 |a Matematičeskaja logika i osnovanija matematiki 
830 0 |a Matematičeskaja logika i osnovanija matematiki 
100 1 |a Smullyan, Raymond M.